00273nam a2200109Ia 4500003000400000008004100004100001800045245004100063260003400104300000700138650001800145OSt191201s2010 xx 000 0 und d aFOLEY'S, Ryan 0aLegend the Labors of Heracles  bKALYANI MEDIA PVT. LTD.c2010 a84 aGeneral Books